[Event "Collado Villalba 2015"]
[Site "Collado Villalba (ESP)"]
[Date "2015.08.28"]
[Round "7.14"]
[White "Palenciano Escolar, Adrian"]
[Black "Gutierrez Mordini, Pablo"]
[Result "1-0"]
[WhiteElo "2120"]
[BlackElo "1902"]
[PlyCount "45"]
[EventDate "2015.08.22"]
[EventType "swiss"]
[EventRounds "9"]
[EventCountry "ESP"]
[Source "lmi"]
[SourceDate "2015.08.22"]

1. e4 e5 2. Nf3 Nc6 3. Bb5 a6 4. Ba4 Bc5 5. O-O b5 6. Bb3 Nf6 7. Re1 O-O 8. c3
d5 9. exd5 Nxd5 10. Nxe5 Nxe5 11. Rxe5 Bxf2+ 12. Kxf2 Qf6+ 13. Qf3 Qxe5 14.
Bxd5 Bg4 15. Qxg4 Qxd5 16. d4 f5 17. Qf3 Qe6 18. Bf4 Rfe8 19. Nd2 c5 20. d5 Qe7
21. d6 Qe6 22. Nb3 c4 23. Nc5 1-0

[Event "Collado Villalba 2015"]
[Site "Collado Villalba (ESP)"]
[Date "2015.08.28"]
[Round "7.15"]
[White "Cortes Jurado, Rafael"]
[Black "Camarero Izquierdo, Juan Carlo"]
[Result "1-0"]
[WhiteElo "2073"]
[BlackElo "1931"]
[PlyCount "69"]
[EventDate "2015.08.22"]
[EventType "swiss"]
[EventRounds "9"]
[EventCountry "ESP"]
[Source "lmi"]
[SourceDate "2015.08.22"]

1. d4 f5 2. Bg5 d5 3. e3 Qd6 4. Nd2 Nd7 5. Bd3 Ndf6 6. Ngf3 Ne4 7. Bf4 Qb6 8.
Rb1 Ngf6 9. O-O Nxd2 10. Qxd2 Ne4 11. Bxe4 dxe4 12. Ne5 Qf6 13. f3 g5 14. Bg3
exf3 15. Nxf3 Bg7 16. Bxc7 Be6 17. d5 Bf7 18. Be5 Qg6 19. Bxg7 Qxg7 20. Nd4
Bxd5 21. Nxf5 Qe5 22. Rbd1 O-O-O 23. Qa5 e6 24. Ne7+ Kb8 25. Rd3 Qxb2 26. Nxd5
exd5 27. Rb3 Qxc2 28. Rxb7+ Kxb7 29. Rf7+ Rd7 30. Qxd5+ Kb6 31. Qxd7 Qb1+ 32.
Rf1 Qb2 33. Qd6+ Kb5 34. Rf5+ Ka4 35. Qa6+ 1-0

[Event "Collado Villalba 2015"]
[Site "Collado Villalba (ESP)"]
[Date "2015.08.28"]
[Round "7.16"]
[White "Martin Martin, Luis Vicente"]
[Black "Erice Alonso, Santiago"]
[Result "1/2-1/2"]
[WhiteElo "1933"]
[BlackElo "2013"]
[PlyCount "72"]
[EventDate "2015.08.22"]
[EventType "swiss"]
[EventRounds "9"]
[EventCountry "ESP"]
[Source "lmi"]
[SourceDate "2015.08.22"]

1. e4 c5 2. Nf3 g6 3. d4 cxd4 4. Nxd4 Bg7 5. c4 Nc6 6. Be3 Nf6 7. Nc3 Nxd4 8.
Bxd4 d6 9. Be2 O-O 10. O-O Be6 11. f3 Qa5 12. Rc1 Rfc8 13. b3 a6 14. a4 Rab8
15. Kh1 Bd7 16. Bxf6 exf6 17. Qxd6 Be6 18. Nd5 Rd8 19. Qf4 Bxd5 20. cxd5 Qb4
21. Qe3 f5 22. Rfd1 Qd6 23. Qc5 Qe5 24. d6 fxe4 25. Qxe5 Bxe5 26. d7 exf3 27.
Bxf3 Kf8 28. Rc5 f6 29. b4 Ke7 30. Rcd5 b5 31. axb5 axb5 32. Be2 Bc3 33. R1d3
Bxb4 34. Re3+ Kf8 35. Bxb5 Be7 36. g3 Rxb5 1/2-1/2

[Event "Collado Villalba 2015"]
[Site "Collado Villalba (ESP)"]
[Date "2015.08.28"]
[Round "7.17"]
[White "Perez Vazquez, Manuel"]
[Black "Antonano Fedz-Quincoces, Aveli"]
[Result "0-1"]
[WhiteElo "1837"]
[BlackElo "1970"]
[PlyCount "58"]
[EventDate "2015.08.22"]
[EventType "swiss"]
[EventRounds "9"]
[EventCountry "ESP"]
[Source "lmi"]
[SourceDate "2015.08.22"]

1. d4 f5 2. c4 Nf6 3. g3 e6 4. Bg2 c6 5. Nf3 d5 6. b3 Bb4+ 7. Bd2 Bd6 8. O-O
O-O 9. Bg5 Nbd7 10. Nbd2 h6 11. Bxf6 Qxf6 12. e3 b6 13. Rc1 Bb7 14. cxd5 exd5
15. Kh1 Rac8 16. Qc2 c5 17. Qb1 Kh8 18. Rg1 g5 19. a4 Qe6 20. Qa1 Kh7 21. Qb1
Nf6 22. dxc5 bxc5 23. b4 cxb4 24. Nd4 Ng4 25. h3 Nxf2+ 26. Kh2 Bxg3+ 27. Kxg3
Qxe3+ 28. N2f3 Ne4+ 29. Kh2 Qf4+ 0-1

[Event "Collado Villalba 2015"]
[Site "Collado Villalba (ESP)"]
[Date "2015.08.28"]
[Round "7.18"]
[White "Porras Fernandez, Alberto"]
[Black "Torres Grajales, Ramon"]
[Result "0-1"]
[WhiteElo "1802"]
[BlackElo "1943"]
[PlyCount "98"]
[EventDate "2015.08.22"]
[EventType "swiss"]
[EventRounds "9"]
[EventCountry "ESP"]
[Source "lmi"]
[SourceDate "2015.08.22"]

1. e4 e5 2. Nf3 Nc6 3. Bb5 a6 4. Ba4 Nf6 5. O-O b5 6. Bb3 Bb7 7. d3 Bc5 8. Bg5
h6 9. Bh4 d6 10. Nbd2 Qe7 11. Re1 O-O-O 12. a4 g5 13. axb5 axb5 14. Bg3 Rdg8
15. Nf1 h5 16. h4 gxh4 17. Bxh4 Rg4 18. Ne3 Bxe3 19. fxe3 Rhg8 20. Re2 Nd8 21.
Qe1 Ne6 22. Ra5 c6 23. c4 Nc5 24. Qd1 Qc7 25. Ra3 b4 26. Ra1 Nfd7 27. Bc2 Qb6
28. b3 Ne6 29. Kh2 Nef8 30. Qd2 Ng6 31. Be1 c5 32. g3 Qd8 33. Kh1 f5 34. Rg2
Nf6 35. Ra7 Qb6 36. Rxb7 Qxb7 37. exf5 Qxf3 38. Bd1 Qxf5 39. Bxg4 Nxg4 40. Kg1
Rf8 41. Bf2 h4 42. e4 Qf3 43. gxh4 Nxf2 44. Rxf2 Qxf2+ 45. Qxf2 Rxf2 46. Kxf2
Nxh4 47. Kg3 Ng6 48. Kf3 Nf4 49. Ke3 Ne6 0-1

[Event "Collado Villalba 2015"]
[Site "Collado Villalba (ESP)"]
[Date "2015.08.28"]
[Round "7.20"]
[White "Perez Cameselle, Francisco"]
[Black "Fernandez Sanchez, Lorenzo"]
[Result "1-0"]
[WhiteElo "1840"]
[BlackElo "1817"]
[PlyCount "120"]
[EventDate "2015.08.22"]
[EventType "swiss"]
[EventRounds "9"]
[EventCountry "ESP"]
[Source "lmi"]
[SourceDate "2015.08.22"]

1. d4 d5 2. c4 e6 3. Nf3 Nf6 4. g3 Be7 5. Bg2 O-O 6. Nc3 Nbd7 7. b3 c6 8. O-O
Re8 9. Qc2 b6 10. e4 dxe4 11. Nxe4 Bb7 12. Bf4 Nxe4 13. Qxe4 Nf6 14. Qe2 c5 15.
dxc5 Bxc5 16. Rad1 Qe7 17. Ne5 Bxg2 18. Kxg2 Qb7+ 19. f3 Rad8 20. Be3 Be7 21.
Rxd8 Rxd8 22. Rd1 Rxd1 23. Qxd1 Qc8 24. Nd3 Qd7 25. Qc2 Qc6 26. Ne5 Qd6 27. Nd3
Qc6 28. Ne5 Qc7 29. Nd3 h6 30. Bf4 Bd6 31. Qe2 Bxf4 32. Nxf4 Qd6 33. Qd3 Qxd3
34. Nxd3 Nd7 35. Kf2 Kf8 36. Ke3 Ke7 37. b4 Kd6 38. f4 f6 39. Nf2 f5 40. Nd3 e5
41. h3 e4 42. Nc1 Nf6 43. Ne2 g6 44. Nd4 h5 45. Nb5+ Kc6 46. Nxa7+ Kd7 47. Nb5
Ne8 48. Nc3 Nd6 49. Kd4 Kc6 50. b5+ Kd7 51. Nd5 Nc8 52. Ke5 Ne7 53. Nxb6+ Kc7
54. Na4 e3 55. Nc3 g5 56. fxg5 Ng6+ 57. Kxf5 h4 58. Kxg6 hxg3 59. Ne2 g2 60.
Kf5 Kd6 1-0

[Event "Collado Villalba 2015"]
[Site "Collado Villalba (ESP)"]
[Date "2015.08.28"]
[Round "7.21"]
[White "Aguilera Lopez, Alejandro"]
[Black "Lopez Heras, Arturo"]
[Result "1-0"]
[WhiteElo "1999"]
[BlackElo "1861"]
[PlyCount "117"]
[EventDate "2015.08.22"]
[EventType "swiss"]
[EventRounds "9"]
[EventCountry "ESP"]
[Source "lmi"]
[SourceDate "2015.08.22"]

1. d4 Nf6 2. Nf3 g6 3. Bg5 Bg7 4. e3 O-O 5. Be2 d6 6. O-O c5 7. c4 Nbd7 8. Nc3
a6 9. a4 h6 10. Bh4 Re8 11. Qc2 Nf8 12. dxc5 dxc5 13. Rfd1 Qa5 14. e4 Be6 15.
Nd5 Nxd5 16. cxd5 Bd7 17. e5 Bg4 18. Ne1 Bxe2 19. Qxe2 Qb4 20. Bg3 Rac8 21. f4
f5 22. Qd2 Qxd2 23. Rxd2 g5 24. Nf3 Ng6 25. fxg5 hxg5 26. Nxg5 Nxe5 27. Ne6 Nc4
28. Rc2 Ne3 29. Re2 Nxd5 30. Rd1 Nb6 31. a5 Nc4 32. Nxg7 Kxg7 33. Rd7 Nxa5 34.
Rdxe7+ Rxe7 35. Rxe7+ Kg6 36. Be1 Nc6 37. Rxb7 Rb8 38. Rxb8 Nxb8 39. Kf2 Nc6
40. Ke3 Ne5 41. Kd2 Kg5 42. Bf2 Ng4 43. Bg1 Kf4 44. Bxc5 Ke5 45. Bg1 Ke4 46. h3
Ne5 47. b3 Ng6 48. Ke2 Nh4 49. g3 Ng6 50. Be3 f4 51. Bxf4 Nxf4+ 52. gxf4 Kxf4
53. Kd3 Kg3 54. Kc4 Kxh3 55. Kb4 Kg4 56. Ka5 Kf4 57. Kxa6 Ke5 58. b4 Kd6 59. b5
1-0

[Event "Collado Villalba 2015"]
[Site "Collado Villalba (ESP)"]
[Date "2015.08.28"]
[Round "7.22"]
[White "Cabrera Jimenez, Julio"]
[Black "Movilla Calleja, David"]
[Result "1-0"]
[WhiteElo "1801"]
[BlackElo "1890"]
[PlyCount "87"]
[EventDate "2015.08.22"]
[EventType "swiss"]
[EventRounds "9"]
[EventCountry "ESP"]
[Source "lmi"]
[SourceDate "2015.08.22"]

1. e4 e6 2. d4 d5 3. Nc3 Nf6 4. Bg5 Be7 5. e5 Nfd7 6. h4 h6 7. Bxe7 Qxe7 8. Qg4
O-O 9. Bd3 f5 10. Qf4 a6 11. g4 fxg4 12. Qxg4 c5 13. Qg6 Rf5 14. Bxf5 exf5 15.
Nxd5 Qd8 16. Nf6+ Nxf6 17. exf6 Qxf6 18. Qxf6 gxf6 19. dxc5 Be6 20. O-O-O Nc6
21. Nf3 Rc8 22. Rhg1+ Kf7 23. a3 Rc7 24. b4 Ne7 25. Kb2 Ng6 26. Rd6 Nf4 27. Re1
Bc8 28. Rd8 Ne6 29. Rd6 Nf4 30. Red1 Ne6 31. Nd4 Nf4 32. c6 b6 33. b5 Ke7 34.
Nf3 axb5 35. Kb3 Be6+ 36. Kb4 Bc4 37. Rd7+ Rxd7 38. Rxd7+ Ke8 39. Nd4 Nd5+ 40.
Rxd5 Bxd5 41. Kxb5 f4 42. Kxb6 Kd8 43. Kb7 h5 44. Kb8 1-0

[Event "Collado Villalba 2015"]
[Site "Collado Villalba (ESP)"]
[Date "2015.08.28"]
[Round "7.23"]
[White "Montiel Miguelez, Manuel"]
[Black "Picazo Gonzalez, Ana"]
[Result "0-1"]
[WhiteElo "1854"]
[BlackElo "1851"]
[PlyCount "50"]
[EventDate "2015.08.22"]
[EventType "swiss"]
[EventRounds "9"]
[EventCountry "ESP"]
[Source "lmi"]
[SourceDate "2015.08.22"]

1. e4 e6 2. d4 d5 3. e5 c5 4. c3 Qb6 5. Nf3 Nc6 6. a3 Nh6 7. b4 cxd4 8. cxd4
Nf5 9. Bb2 Bd7 10. Be2 Be7 11. O-O O-O 12. Qd3 f6 13. exf6 Bxf6 14. Rd1 a6 15.
Ne5 Be8 16. Bg4 Ncxd4 17. Bxf5 Nxf5 18. Nd2 Bb5 19. Qh3 Rac8 20. Rac1 Qd6 21.
Ndf3 Be2 22. Re1 Bxf3 23. Rxc8 Rxc8 24. Qxf3 Bxe5 25. Bxe5 Qxe5 0-1

[Event "Collado Villalba 2015"]
[Site "Collado Villalba (ESP)"]
[Date "2015.08.28"]
[Round "7.24"]
[White "Petru, Lucian Olimpiu"]
[Black "Laveda Ayllon, Jose David"]
[Result "1/2-1/2"]
[WhiteElo "1845"]
[BlackElo "1695"]
[PlyCount "100"]
[EventDate "2015.08.22"]
[EventType "swiss"]
[EventRounds "9"]
[EventCountry "ESP"]
[Source "lmi"]
[SourceDate "2015.08.22"]

1. Nf3 Nf6 2. g3 c5 3. d3 Nc6 4. Bg2 e6 5. O-O Be7 6. Nbd2 Qc7 7. e4 b5 8. a4
bxa4 9. Rxa4 Bb7 10. Nc4 d5 11. Bf4 Qd7 12. exd5 exd5 13. Na5 Nxa5 14. Rxa5 Qd8
15. Qa1 Nh5 16. Rxa7 Nxf4 17. gxf4 O-O 18. Rxa8 Bxa8 19. Re1 Bd6 20. Qa4 d4 21.
Ne5 Bxg2 22. Kxg2 Qf6 23. Re4 h5 24. h3 Rb8 25. b3 Bxe5 26. Rxe5 Qxf4 27. Rxh5
Qd6 28. Rh4 Qd5+ 29. Kg3 Ra8 30. Qc4 Qxc4 31. bxc4 Ra2 32. Rh5 Rxc2 33. Rxc5
Rd2 34. Rc8+ Kh7 35. c5 Rxd3+ 36. Kg2 Rc3 37. c6 d3 38. c7 d2 39. Rd8 Rxc7 40.
Rxd2 g5 41. Rd6 f6 42. Rxf6 Kg7 43. Ra6 Rc4 44. Kg3 Rf4 45. f3 Rc4 46. Re6 Rc1
47. Kg4 Rg1+ 48. Kf5 Rg3 49. Re3 Kh6 50. Re6+ Kh5 1/2-1/2

[Event "Collado Villalba 2015"]
[Site "Collado Villalba (ESP)"]
[Date "2015.08.28"]
[Round "7.25"]
[White "Rodriguez Izquierdo, Luis"]
[Black "Ojosnegros Martin, Angel"]
[Result "1-0"]
[WhiteElo "1854"]
[BlackElo "1484"]
[PlyCount "93"]
[EventDate "2015.08.22"]
[EventType "swiss"]
[EventRounds "9"]
[EventCountry "ESP"]
[Source "lmi"]
[SourceDate "2015.08.22"]

1. e4 e5 2. Nf3 Nc6 3. Bc4 Bc5 4. c3 Nf6 5. d4 exd4 6. e5 d5 7. Bb5 Ne4 8. cxd4
Bb4+ 9. Bd2 Bxd2+ 10. Nbxd2 Nxd2 11. Bxc6+ bxc6 12. Nxd2 Rb8 13. Nb3 O-O 14.
O-O Ba6 15. Re1 Bc8 16. Rc1 Rb6 17. Rc3 Re8 18. Qc2 Re6 19. Nc5 Rg6 20. b3 Qh4
21. Qd2 Rh6 22. h3 Bf5 23. Rg3 Be6 24. Rd1 Rg6 25. Rxg6 hxg6 26. Qa5 Qh5 27.
Rd2 Rb5 28. Qc3 a5 29. Nxe6 fxe6 30. Qxc6 Qg5 31. Qxe6+ Kh7 32. Rc2 Qf4 33. Qg4
Qxg4 34. hxg4 Rb4 35. Rd2 Kg8 36. f4 a4 37. bxa4 Rxa4 38. Kf2 Kf7 39. f5 gxf5
40. gxf5 Ke7 41. Kf3 Rc4 42. Ke3 Kf7 43. Kd3 Ra4 44. Kc3 Rc4+ 45. Kb3 g6 46. f6
g5 47. a4 1-0

[Event "Collado Villalba 2015"]
[Site "Collado Villalba (ESP)"]
[Date "2015.08.29"]
[Round "8.1"]
[White "Perez Mitjans, Orelvis"]
[Black "Collazo Hidalgo-Gato, Niala"]
[Result "1-0"]
[WhiteElo "2434"]
[BlackElo "2261"]
[PlyCount "133"]
[EventDate "2015.08.22"]
[EventType "swiss"]
[EventRounds "9"]
[EventCountry "ESP"]
[Source "lmi"]
[SourceDate "2015.08.22"]

1. e4 c5 2. Nf3 e6 3. b3 Nf6 4. e5 Nd5 5. Bb2 Nc6 6. Bb5 Be7 7. O-O O-O 8. Bxc6
bxc6 9. d3 f6 10. c4 Nf4 11. g3 Ng6 12. exf6 Bxf6 13. Nc3 d6 14. d4 cxd4 15.
Nxd4 Qc7 16. Rc1 e5 17. Nc2 Bh3 18. Re1 Qf7 19. Qh5 Qd7 20. f3 a5 21. Rcd1 Be6
22. Ba3 Be7 23. Ne3 Nf4 24. gxf4 Rxf4 25. Bxd6 Bxd6 26. c5 g6 27. Qg5 Qe7 28.
Ne4 Bxc5 29. Qxe5 Rf5 30. Qc3 Raf8 31. Kg2 Bxe3 32. Rxe3 Bd5 33. Rf1 Qb4 34.
Qxb4 axb4 35. Rf2 g5 36. h3 h6 37. Kg3 Rf4 38. Nc5 h5 39. Nd7 R8f7 40. Nb6 h4+
41. Kg2 Kg7 42. Nxd5 cxd5 43. Re5 R4f5 44. Rxf5 Rxf5 45. Rd2 Kf6 46. Rd4 Rf4
47. Rxd5 Kg6 48. Rd6+ Kf5 49. Kf2 Ke5 50. Rg6 Kf5 51. Rb6 Rd4 52. Ke3 Rd1 53.
Rb5+ Kf6 54. Rxb4 Rh1 55. a4 Rxh3 56. a5 Rh1 57. Kf2 Rh2+ 58. Kg1 Rd2 59. a6
Rd8 60. a7 Ra8 61. Rb7 Kf5 62. b4 Kf4 63. Kg2 h3+ 64. Kxh3 Kxf3 65. Rf7+ Ke4
66. b5 Kd5 67. Rc7 1-0

[Event "Collado Villalba 2015"]
[Site "Collado Villalba (ESP)"]
[Date "2015.08.29"]
[Round "8.2"]
[White "Bermejo Arruego, Luis"]
[Black "Martinez Reyes, Pedro Ramon"]
[Result "0-1"]
[WhiteElo "2167"]
[BlackElo "2349"]
[PlyCount "64"]
[EventDate "2015.08.22"]
[EventType "swiss"]
[EventRounds "9"]
[EventCountry "ESP"]
[Source "lmi"]
[SourceDate "2015.08.22"]

1. e4 e6 2. d4 d5 3. e5 c5 4. c3 Nc6 5. Nf3 Qb6 6. Be2 cxd4 7. cxd4 Nh6 8. Nc3
Nf5 9. Na4 Qa5+ 10. Kf1 b5 11. Nc5 Bxc5 12. dxc5 b4 13. g4 Nfe7 14. a3 Ba6 15.
Be3 Bxe2+ 16. Qxe2 bxa3 17. Rxa3 Qb4 18. Rg1 d4 19. Bg5 Ng6 20. Qe4 Rc8 21. Kg2
O-O 22. Ra6 Ngxe5 23. Nxe5 Nxe5 24. Rga1 f6 25. Rxe6 Qxc5 26. Rc1 Qb5 27. Rxc8
Rxc8 28. Bf4 Qd7 29. Qf5 Qb7+ 30. Kf1 Qh1+ 31. Ke2 d3+ 32. Ke3 Qf3+ 0-1

[Event "Collado Villalba 2015"]
[Site "Collado Villalba (ESP)"]
[Date "2015.08.29"]
[Round "8.3"]
[White "Valles Moreno, Ivan"]
[Black "Longa Yauca, Javier"]
[Result "1/2-1/2"]
[WhiteElo "2421"]
[BlackElo "2255"]
[PlyCount "80"]
[EventDate "2015.08.22"]
[EventType "swiss"]
[EventRounds "9"]
[EventCountry "ESP"]
[Source "lmi"]
[SourceDate "2015.08.22"]

1. e4 e5 2. Nf3 Nc6 3. Bb5 a6 4. Ba4 Nge7 5. Nc3 d6 6. a3 Bd7 7. Bb3 Ng6 8. Nd5
Be7 9. c3 O-O 10. d3 Be6 11. h4 h6 12. g3 Qd7 13. h5 Nh8 14. d4 Bg4 15. dxe5
dxe5 16. Qe2 Kh7 17. Ne3 Be6 18. Bc2 Rfe8 19. Bd2 b5 20. O-O-O Qc8 21. Nf5 Bf8
22. Nh2 Na5 23. Ng4 Nc4 24. Bxh6 Bxf5 25. exf5 e4 26. Bxe4 Rxe4 27. Qxe4 gxh6
28. Nf6+ Kg7 29. Nd7 f6 30. Rh4 Ne5 31. Nxe5 fxe5 32. Qxe5+ Kh7 33. f6 Nf7 34.
Qe4+ Kh8 35. Rhh1 Nd6 36. Qg6 Qf5 37. Rd4 Qxf2 38. Rg4 Qe3+ 39. Kb1 Qe6 40. Rf1
Qf7 1/2-1/2

[Event "Collado Villalba 2015"]
[Site "Collado Villalba (ESP)"]
[Date "2015.08.29"]
[Round "8.4"]
[White "Martin Carmona, Gaston Manuel"]
[Black "Pastor Alonso De Prado, Albert"]
[Result "1-0"]
[WhiteElo "2068"]
[BlackElo "2167"]
[PlyCount "85"]
[EventDate "2015.08.22"]
[EventType "swiss"]
[EventRounds "9"]
[EventCountry "ESP"]
[Source "lmi"]
[SourceDate "2015.08.22"]

1. e4 e5 2. Nf3 Nc6 3. Bc4 Be7 4. d4 exd4 5. Nxd4 d6 6. O-O Nf6 7. Nc3 O-O 8.
h3 Nxd4 9. Qxd4 c6 10. a4 Ne8 11. Be3 Be6 12. Rad1 Qa5 13. Bxe6 fxe6 14. Qd2
Bf6 15. Bd4 Bxd4 16. Qxd4 Qb6 17. Ne2 Qa6 18. Ng3 c5 19. Qc3 Qxa4 20. e5 Qc6
21. exd6 Nxd6 22. Rfe1 Rae8 23. Re5 c4 24. Rg5 Re7 25. Nh5 Ne8 26. Rd8 g6 27.
Nf6+ Nxf6 28. Rxf8+ Kxf8 29. Qxf6+ Ke8 30. Qh8+ Kd7 31. Qd4+ Qd6 32. Qxa7 Ke8
33. Qa4+ Kf8 34. Qxc4 Qd1+ 35. Kh2 e5 36. Rg3 e4 37. Qc3 Kg8 38. Qc4+ Kg7 39.
Qc5 Kf7 40. Rg4 Qd2 41. Qc4+ Ke8 42. Rxe4 Qxf2 43. Rf4 1-0

[Event "Collado Villalba 2015"]
[Site "Collado Villalba (ESP)"]
[Date "2015.08.29"]
[Round "8.5"]
[White "Garcia Paolicchi, Raul"]
[Black "Moreno Ruiz, Javier"]
[Result "1-0"]
[WhiteElo "2148"]
[BlackElo "2467"]
[PlyCount "105"]
[EventDate "2015.08.22"]
[EventType "swiss"]
[EventRounds "9"]
[EventCountry "ESP"]
[Source "lmi"]
[SourceDate "2015.08.22"]

1. d4 d5 2. c4 e6 3. Nc3 Bb4 4. Nf3 Nf6 5. Bg5 Nbd7 6. e3 c5 7. cxd5 exd5 8.
Bd3 Qa5 9. O-O c4 10. Bf5 O-O 11. Qc2 Re8 12. a3 Bxc3 13. Qxc3 Qxc3 14. bxc3
Ne4 15. Bxe4 dxe4 16. Nd2 Nb6 17. a4 a5 18. Rfb1 Ra6 19. Bf4 Bd7 20. Ra3 Bc6
21. Bc7 Na8 22. Bf4 Nb6 23. Bc7 Na8 24. Bf4 Bd5 25. Rb5 Rd8 26. f3 f5 27. Kf2
g6 28. Ra1 Rd7 29. Rc5 Nb6 30. Bc7 Nc8 31. Rxa5 Ne7 32. Rxa6 bxa6 33. Bb6 Rb7
34. a5 Nc8 35. Rb1 Nd6 36. Rb4 Kf7 37. Kg3 g5 38. Bc5 f4+ 39. Kf2 Rxb4 40. Bxb4
fxe3+ 41. Kxe3 Nf5+ 42. Ke2 exf3+ 43. Nxf3 h6 44. g3 Ke6 45. g4 Nd6 46. Bxd6
Kxd6 47. Ne5 Be6 48. Ke3 Kd5 49. h3 Bg8 50. Nd7 Be6 51. Nf6+ Kd6 52. Ke4 Bc8
53. d5 1-0

[Event "Collado Villalba 2015"]
[Site "Collado Villalba (ESP)"]
[Date "2015.08.29"]
[Round "8.6"]
[White "Semprun Martinez, Fernando"]
[Black "Hernando Pertierra, Jose C"]
[Result "0-1"]
[WhiteElo "2215"]
[BlackElo "2385"]
[PlyCount "72"]
[EventDate "2015.08.22"]
[EventType "swiss"]
[EventRounds "9"]
[EventCountry "ESP"]
[Source "lmi"]
[SourceDate "2015.08.22"]

1. e4 g6 2. d4 c6 3. Nc3 d5 4. h3 Bg7 5. Nf3 a6 6. Bf4 b5 7. Bd3 Nf6 8. e5 Nfd7
9. O-O Nf8 10. Qd2 h6 11. a4 Bb7 12. b4 Ne6 13. Be3 Nd7 14. a5 Ndf8 15. Nh4
Bxe5 16. dxe5 d4 17. Ne4 dxe3 18. Qxe3 Qd4 19. Qxd4 Nxd4 20. Nc5 O-O-O 21. Rfd1
Nfe6 22. Nxb7 Kxb7 23. c3 Nb3 24. Rab1 Nf4 25. Rxb3 Nxd3 26. Nf3 Nxe5 27. Nd4
c5 28. bxc5 Nc6 29. Kf1 Rd7 30. Nxb5 axb5 31. Rxb5+ Kc7 32. a6 Ra8 33. Rb7+ Kc8
34. Rb6 Nb8 35. c6 Rc7 36. Rb7 Nxc6 0-1

[Event "Collado Villalba 2015"]
[Site "Collado Villalba (ESP)"]
[Date "2015.08.29"]
[Round "8.7"]
[White "Lianes Garcia, Marcos"]
[Black "Aranda Marin, Cristian"]
[Result "1/2-1/2"]
[WhiteElo "2059"]
[BlackElo "2368"]
[PlyCount "155"]
[EventDate "2015.08.22"]
[EventType "swiss"]
[EventRounds "9"]
[EventCountry "ESP"]
[Source "lmi"]
[SourceDate "2015.08.22"]

1. g3 e5 2. Bg2 Nc6 3. b3 Bc5 4. Bb2 Nf6 5. d3 O-O 6. Nf3 Re8 7. O-O Qe7 8. e3
d5 9. d4 Bd6 10. dxe5 Nxe5 11. Nxe5 Bxe5 12. Bxe5 Qxe5 13. Qd4 Qxd4 14. exd4
Bf5 15. Na3 c6 16. c4 a6 17. Rae1 b5 18. cxb5 cxb5 19. Re5 Bg6 20. Rc1 b4 21.
Nb1 Rec8 22. Ree1 Bxb1 23. Rxc8+ Rxc8 24. Rxb1 Rc2 25. Ra1 Rb2 26. Rc1 h5 27.
Rc5 Rb1+ 28. Bf1 g6 29. Ra5 Ne4 30. Kg2 Rb2 31. Bxa6 Nxf2 32. Bb7 Ng4+ 33. Kg1
Rd2 34. Bxd5 Rd1+ 35. Kg2 Rxd4 36. Bc4 Ne3+ 37. Kg1 Nxc4 38. bxc4 Rxc4 39. a3
Rc1+ 40. Kg2 Rc2+ 41. Kh3 bxa3 42. Rxa3 Kg7 43. Ra4 g5 44. g4 hxg4+ 45. Rxg4
Kg6 46. Kg3 Kh5 47. Ra4 f5 48. Ra5 Rc3+ 49. Kg2 Kg4 50. Ra4+ f4 51. Ra2 Kh4 52.
Rb2 g4 53. Ra2 Re3 54. Kf2 Rb3 55. Kg2 Rc3 56. Rb2 Rc1 57. Rb8 Rc2+ 58. Kg1
Rc1+ 59. Kf2 Rc2+ 60. Kg1 g3 61. Rh8+ Kg4 62. Rg8+ Kf3 63. hxg3 Rg2+ 64. Kf1
Rxg3 65. Ra8 Rg6 66. Ra3+ Kg4 67. Kf2 Rb6 68. Rc3 Rb2+ 69. Kf1 Rh2 70. Kg1 Re2
71. Kf1 Re8 72. Kf2 Rh8 73. Ra3 Rh2+ 74. Kg1 Rc2 75. Kf1 Rc4 76. Kf2 f3 77. Ra8
Rc2+ 78. Kf1 1/2-1/2

[Event "Collado Villalba 2015"]
[Site "Collado Villalba (ESP)"]
[Date "2015.08.29"]
[Round "8.8"]
[White "Elissalt Cardenas, Hector"]
[Black "Cao Armillas, Jesus"]
[Result "1-0"]
[WhiteElo "2350"]
[BlackElo "2090"]
[PlyCount "75"]
[EventDate "2015.08.22"]
[EventType "swiss"]
[EventRounds "9"]
[EventCountry "ESP"]
[Source "lmi"]
[SourceDate "2015.08.22"]

1. d4 Nf6 2. c4 g6 3. Nc3 d5 4. Nf3 Bg7 5. Bg5 Ne4 6. cxd5 Nxg5 7. Nxg5 e6 8.
Qd2 exd5 9. Qe3+ Kf8 10. Qf4 Bf6 11. h4 h6 12. Nf3 Kg7 13. e3 Be6 14. Bd3 c5
15. dxc5 Nd7 16. Nd4 Nxc5 17. Bc2 Re8 18. O-O-O Qb6 19. g4 Nd7 20. g5 hxg5 21.
hxg5 Be5 22. Qf3 Rac8 23. Rh4 Rh8 24. Rdh1 Rxh4 25. Rxh4 Rh8 26. Rxh8 Kxh8 27.
Nxd5 Qd6 28. Nxe6 Qxe6 29. Bb3 Kg7 30. Nf6 Qe7 31. Qxb7 Bxf6 32. gxf6+ Kxf6 33.
Qxa7 Qd8 34. Qd4+ Ke7 35. Qh4+ Nf6 36. Qb4+ Ke8 37. Ba4+ Nd7 38. Qd6 1-0

[Event "Collado Villalba 2015"]
[Site "Collado Villalba (ESP)"]
[Date "2015.08.29"]
[Round "8.9"]
[White "Palenciano Escolar, Adrian"]
[Black "Sanz Castillo, Santiago"]
[Result "1/2-1/2"]
[WhiteElo "2120"]
[BlackElo "2197"]
[PlyCount "137"]
[EventDate "2015.08.22"]
[EventType "swiss"]
[EventRounds "9"]
[EventCountry "ESP"]
[Source "lmi"]
[SourceDate "2015.08.22"]

1. e4 e6 2. d4 d5 3. Nd2 Nf6 4. e5 Nfd7 5. Bd3 c5 6. c3 Nc6 7. Ne2 cxd4 8. cxd4
f6 9. exf6 Qxf6 10. Nf3 e5 11. dxe5 Bb4+ 12. Bd2 Bxd2+ 13. Qxd2 Ndxe5 14. Nxe5
Qxe5 15. O-O O-O 16. Rae1 Qf6 17. Bc2 Be6 18. b4 a6 19. a4 Kh8 20. b5 axb5 21.
axb5 Ne5 22. Nd4 Nc4 23. Qd3 Bg8 24. Ne6 Rfe8 25. Nc7 Rxe1 26. Rxe1 Rf8 27. Qg3
Nd6 28. Rd1 Qe7 29. b6 Nc4 30. Bb3 Nxb6 31. h3 Rd8 32. Nb5 Nc4 33. Nd4 Nd6 34.
Qe3 Qxe3 35. fxe3 Rc8 36. Ne2 Nc4 37. Rd3 g6 38. Nf4 Rc5 39. Rd4 Nxe3 40. Kf2
Nc4 41. Bd1 b5 42. Nd3 Rc8 43. Bf3 Nd2 44. Bxd5 Rd8 45. Nb4 Bxd5 46. Rxd5 Rxd5
47. Nxd5 Nc4 48. Ke2 Kg7 49. Kd3 Kf7 50. Kd4 Na3 51. Kc3 Ke6 52. Nc7+ Kd6 53.
Ne8+ Kc5 54. Nf6 b4+ 55. Kb3 h5 56. Nd7+ Kb5 57. Ne5 g5 58. Nd3 Nc4 59. Nxb4
Ne3 60. g3 Nf5 61. g4 hxg4 62. hxg4 Ne3 63. Na2 Kc5 64. Kc3 Nxg4 65. Kd3 Kd5
66. Nc3+ Ke6 67. Ne4 Ne5+ 68. Ke3 g4 69. Kf4 1/2-1/2